| 000 | 01049nam a22003255a 4500 | ||
|---|---|---|---|
| 005 | 20150818105425.0 | ||
| 008 | 100906t1999 ii a|||fr|||| 001 0 eng d | ||
| 010 | _a98029979 | ||
| 020 | _a0071342109 | ||
| 020 | _a0071163654 | ||
| 020 | _a9780071163651 | ||
| 040 |
_aEG-ScBUE _beng _cEG-ScBUE |
||
| 082 | 0 | 4 |
_a005.133 _bHUB _222 |
| 100 | 1 |
_aHubbard, John. R. _918091 |
|
| 245 | 1 | 0 |
_aSchaum's outline of theory and problems of programming with Java / _cJohn R. Hubbard. |
| 246 | 3 | 0 | _aTheory and problems of programming with Java |
| 246 | 3 | 0 | _aProgramming with Java |
| 246 | 3 | 0 | _aProgramming with Java |
| 250 | _aInternational ed. | ||
| 260 |
_aNew Delhi : _bMcGraw-Hill, _cc.1999. |
||
| 300 |
_avii, 257 p. : _bill. ; _c28 cm. |
||
| 490 | _aSchaum's outline series | ||
| 500 | _aIndex : p. 248-257. | ||
| 504 | _aBibliography : p. 246-247. | ||
| 590 | _ayassmeen ashraf. | ||
| 650 | 0 |
_aJava (Computer program language) _918093 _2BUEsh |
|
| 651 | _2BUEsh | ||
| 653 |
_bCOMSCI _cAugust2015 |
||
| 942 |
_cBB _k005.133 HUB _2ddc |
||
| 999 |
_c514 _d514 |
||